Két holokauszt-fim, avagy a mesejáték és a játékmese. {Doua filme despre Holocaust}. [Two moving picture's on Holocaust]

Elmentve itt :
Bibliográfiai részletek
Szerző: SZÁNTAI János
Adatforrás:Meister
Forrásdokumentuma:Korunk. -
2002. 8, 116-118.
Nyelv:magyar
Kulcsszavak:filmkritika
critica de film
motion pictures criticism
LEADER 00485nab a2200145 i 4500
001 bibPRO00012925
008 080908s2002 xx hun
040 |a Sz1 
041 |a hun 
100 1 |a SZÁNTAI János 
245 1 0 |a Két holokauszt-fim, avagy a mesejáték és a játékmese. {Doua filme despre Holocaust}. [Two moving picture's on Holocaust]  |c SZÁNTAI János 
695 |a filmkritika 
695 |a critica de film 
695 |a motion pictures criticism 
773 0 |t Korunk. -  |g 2002. 8, 116-118.